000 00740cam a2200205 a 4500
020 _a0198537883 (v. 1 : acidfree paper)
020 _a0198537891 (v. 2 : acidfree paper)
040 _cDLC
082 0 0 _a530 OXF 1995 A063 Or.
100 1 _aHughes, B. D.
245 1 0 _aRandom walks and random environments /
260 _aOxford :
_bClarendon Press ;
_aNew York :
_bOxford University Press,
_c1995-1996.
300 _a2 v. :
_bill. ;
_c24 cm.
650 0 _aRandom walks (Mathematics)
650 0 _aStatistical physics.
650 0 _aChemistry, Physical and theoretical
856 4 2 _uhttp://www.loc.gov/catdir/enhancements/fy0606/94045504-d.html
856 4 1 _uhttp://www.loc.gov/catdir/enhancements/fy0606/94045504-t.html
942 _cEK
999 _c15432
_d15432